[Event "Eurasian Blitz Chess Cup"]
[Site "Almaty KAZ"]
[Date "2016.06.18"]
[Round "10.12"]
[White "Marin, Mihail"]
[Black "Kovalenko, Igor"]
[Result "1/2-1/2"]
[WhiteTitle "GM"]
[BlackTitle "GM"]
[WhiteElo "2576"]
[BlackElo "2668"]
[WhiteFideId "1200020"]
[BlackFideId "14117908"]
[EventDate "2016.06.18"]

1. Nf3 c5 2. g3 g6 3. Bg2 Bg7 4. d4 cxd4 5. Nxd4 Nc6 6. Nxc6 bxc6 7. O-O Nf6 8.
c4 O-O 9. Nc3 Rb8 10. Qa4 Qb6 11. Rb1 Qa6 12. Qxa6 Bxa6 13. b3 d5 14. Ba3 dxc4
15. bxc4 Bxc4 16. Bxe7 Rxb1 17. Rxb1 Re8 18. Bc5 Nd5 19. Nxd5 cxd5 20. e3 a5 21.
a4 Bc3 22. Rd1 Rc8 23. Bd4 Bb4 24. Rc1 Rb8 25. e4 Bd2 26. Rd1 Be2 27. Rxd2 Rb1+
28. Bf1 Bxf1 29. Rb2 Rxb2 30. Bxb2 Bc4 31. exd5 Bxd5 32. Bc3 1/2-1/2

[Event "Eurasian Blitz Chess Cup"]
[Site "Almaty KAZ"]
[Date "2016.06.18"]
[Round "10.13"]
[White "Dzhumagaliev, Yan"]
[Black "Le, Quang Liem"]
[Result "0-1"]
[WhiteTitle "FM"]
[BlackTitle "GM"]
[WhiteElo "2400"]
[BlackElo "2718"]
[WhiteFideId "24100110"]
[BlackFideId "12401137"]
[EventDate "2016.06.18"]

1. d4 Nf6 2. c4 e6 3. g3 d5 4. Bg2 Be7 5. Nf3 O-O 6. O-O dxc4 7. Nc3 Nc6 8. e3
Rb8 9. Qe2 b5 10. Rd1 a6 11. e4 Bb7 12. d5 exd5 13. e5 Re8 14. exf6 Bxf6 15. Qd2
d4 16. Ne2 d3 17. Nf4 g6 18. Rb1 Nb4 19. Qxb4 Qd7 20. Be3 Be4 21. h4 Rbd8 22.
Nd2 Bxg2 23. Kxg2 Qc6+ 24. Nf3 h6 25. Rbc1 g5 26. hxg5 hxg5 27. Nh5 Bh8 28. g4
Re4 29. Ng3 Rxg4 30. Qc5 Qxc5 31. Bxc5 Bxb2 32. Rb1 c3 33. Ne5 Rxg3+ 34. Kxg3 c2
35. Nxd3 Rxd3+ 0-1

[Event "Eurasian Blitz Chess Cup"]
[Site "Almaty KAZ"]
[Date "2016.06.18"]
[Round "10.15"]
[White "Anton Guijarro, David"]
[Black "Dreev, Aleksey"]
[Result "1-0"]
[WhiteTitle "GM"]
[BlackTitle "GM"]
[WhiteElo "2627"]
[BlackElo "2664"]
[WhiteFideId "2285525"]
[BlackFideId "4100107"]
[EventDate "2016.06.18"]

1. e4 c6 2. d4 d5 3. e5 Bf5 4. h4 Qc7 5. Nc3 a6 6. h5 h6 7. g4 Bd7 8. f4 e6 9.
Nf3 c5 10. Be3 cxd4 11. Nxd4 Nc6 12. Qd2 Bb4 13. a3 Ba5 14. Nb3 Bb6 15. O-O-O
Nge7 16. Kb1 O-O-O 17. Bxb6 Qxb6 18. Na4 Qa7 19. Nac5 Kb8 20. Rh3 Bc8 21. Rc3 f6
22. exf6 gxf6 23. Rf3 e5 24. f5 d4 25. Bc4 Qb6 26. Ne4 Na7 27. Nbc5 Nd5 28. Rb3
Qc6 29. Nxa6+ Ka8 30. Bxd5 Qxa6 31. Bxb7+ Bxb7 32. Nc5 Qc4 33. Nxb7 Rb8 34. Na5
Qd5 35. Rxb8+ Rxb8 36. Nb3 Qe4 37. Ka2 Nc6 38. Qd3 Qxd3 39. cxd3 Rg8 40. Rg1 Ne7
41. Nc5 Nxf5 42. Ne4 Ne3 43. Nxf6 Rf8 44. Ne4 Nd5 45. g5 hxg5 46. Rxg5 Re8 47.
h6 Nf4 48. h7 1-0

[Event "Eurasian Blitz Chess Cup"]
[Site "Almaty KAZ"]
[Date "2016.06.18"]
[Round "10.16"]
[White "Saric, Ivan"]
[Black "Ghaem Maghami, Ehsan"]
[Result "1-0"]
[WhiteTitle "GM"]
[BlackTitle "GM"]
[WhiteElo "2660"]
[BlackElo "2551"]
[WhiteFideId "14508150"]
[BlackFideId "12500739"]
[EventDate "2016.06.18"]

1. e4 b6 2. d4 Bb7 3. Bd3 e6 4. Nf3 c5 5. O-O cxd4 6. Nxd4 a6 7. c4 Qc7 8. Nc3
Nf6 9. Kh1 Nc6 10. Nxc6 Qxc6 11. Qe2 Bb4 12. Nd5 Bc5 13. Be3 Bxe3 14. Qxe3 Nxd5
15. cxd5 Qd6 16. Rfd1 O-O 17. e5 Qb4 18. a3 Qxb2 19. Rdb1 Qc3 20. Bxh7+ 1-0

[Event "Eurasian Blitz Chess Cup"]
[Site "Almaty KAZ"]
[Date "2016.06.18"]
[Round "10.17"]
[White "Potkin, Vladimir"]
[Black "Amonatov, Farrukh"]
[Result "0-1"]
[WhiteTitle "GM"]
[BlackTitle "GM"]
[WhiteElo "2597"]
[BlackElo "2614"]
[WhiteFideId "4131061"]
[BlackFideId "14700077"]
[EventDate "2016.06.18"]

1. e4 c5 2. Nf3 d6 3. d4 cxd4 4. Nxd4 Nf6 5. Nc3 a6 6. h3 e5 7. Nb3 Be7 8. Be3
Be6 9. f4 b5 10. Qf3 O-O 11. O-O-O Nc6 12. g4 Rc8 13. Kb1 exf4 14. Bxf4 Qc7 15.
g5 Nd7 16. h4 Nce5 17. Qg2 Nb6 18. h5 Na4 19. Nd5 Bxd5 20. Rxd5 Nc4 21. Bc1 Rfe8
22. Rh3 f6 23. g6 h6 24. Rg3 Bd8 25. Nd4 Qe7 26. Bd3 Ncb6 27. Rf5 Qc7 28. Qf2
Nc4 29. Rd5 Na3+ 30. bxa3 Nc3+ 31. Ka1 Nxd5 32. exd5 Qc3+ 33. Kb1 Bb6 34. Rg4
Re1 35. Rf4 Rce8 0-1

[Event "Eurasian Blitz Chess Cup"]
[Site "Almaty KAZ"]
[Date "2016.06.18"]
[Round "10.18"]
[White "Sanikidze, Tornike"]
[Black "Sjugirov, Sanan"]
[Result "1-0"]
[WhiteTitle "GM"]
[BlackTitle "GM"]
[WhiteElo "2548"]
[BlackElo "2665"]
[WhiteFideId "13602608"]
[BlackFideId "4189302"]
[EventDate "2016.06.18"]

1. d4 Nf6 2. c4 e6 3. Nf3 d5 4. Nc3 Nbd7 5. Bf4 dxc4 6. e3 Bd6 7. Bxc4 Bxf4 8.
exf4 Nb6 9. Bd3 Nfd5 10. g3 Bd7 11. Ne5 Qe7 12. O-O O-O 13. Rc1 Be8 14. Nf3 f6
15. Re1 Bf7 16. Qc2 g6 17. Qe2 Rfe8 18. Ne4 c6 19. Nc5 Rab8 20. a3 Nd7 21. b4
Nxc5 22. dxc5 Rbd8 23. Bc4 a5 24. Qb2 axb4 25. axb4 h6 26. Nd4 Qd7 27. Nf3 Qe7
28. Re2 g5 29. fxg5 hxg5 30. Rce1 Rd7 31. Nd4 e5 32. Nf5 Qf8 33. Nd6 Red8 34.
Qb3 Be6 35. b5 Qe7 36. Ra1 Kg7 37. Qc2 Kg8 38. Rb1 Kg7 39. Rd2 Ra8 40. Bxd5 cxd5
41. Rxd5 Rc7 42. Rbd1 b6 43. c6 Rca7 44. Nf5+ Bxf5 45. Qxf5 Kg8 46. Rd7 Rxd7 47.
Rxd7 1-0

[Event "Eurasian Blitz Chess Cup"]
[Site "Almaty KAZ"]
[Date "2016.06.18"]
[Round "10.19"]
[White "Moiseenko, Alexander"]
[Black "Filippov, Anton UZB"]
[Result "0-1"]
[WhiteTitle "GM"]
[BlackTitle "GM"]
[WhiteElo "2648"]
[BlackElo "2582"]
[WhiteFideId "14102560"]
[BlackFideId "14200988"]
[EventDate "2016.06.18"]

1. d4 Nf6 2. c4 e6 3. Nc3 Bb4 4. g3 Nc6 5. Bg2 Bxc3+ 6. bxc3 O-O 7. Nf3 Na5 8.
Qa4 b6 9. Ne5 Rb8 10. O-O d6 11. Nc6 Qe8 12. d5 Nxc6 13. dxc6 a5 14. Bg5 Qe7 15.
f4 h6 16. Bh4 Kh8 17. e4 Rg8 18. e5 dxe5 19. fxe5 Qc5+ 20. Kh1 Ng4 21. Qc2 Ne3
22. Qe4 Nxf1 23. Rxf1 Ba6 24. Rxf7 Bxc4 25. Bf6 Qd5 26. Qg4 gxf6 27. Qh5 Qd2 28.
Rxf6 Qe1+ 29. Rf1 Qe3 30. Rf6 Qc1+ 31. Bf1 Bd5+ 32. Kg1 Qe3+ 33. Rf2 Rbf8 34.
Qe2 Qxf2+ 0-1

[Event "Eurasian Blitz Chess Cup"]
[Site "Almaty KAZ"]
[Date "2016.06.18"]
[Round "10.20"]
[White "Bologan, Viktor"]
[Black "Vakhidov, Jahongir"]
[Result "0-1"]
[WhiteTitle "GM"]
[BlackTitle "GM"]
[WhiteElo "2654"]
[BlackElo "2578"]
[WhiteFideId "13900048"]
[BlackFideId "14201801"]
[EventDate "2016.06.18"]

1. e4 d5 2. exd5 Qxd5 3. Nc3 Qd6 4. d4 Nf6 5. Nf3 g6 6. Nb5 Qd8 7. c4 c6 8. Nc3
Bg4 9. Be2 Bg7 10. O-O O-O 11. Be3 Ne8 12. Qb3 Qc7 13. h3 Bxf3 14. Bxf3 Nd6 15.
Ne2 Nf5 16. Bf4 Qb6 17. d5 Bxb2 18. Rab1 Qxb3 19. axb3 Bg7 20. g4 Nh4 21. Bh1
cxd5 22. cxd5 Nd7 23. Bg3 g5 24. f4 h6 25. f5 Be5 26. Rfc1 Rac8 27. Kf2 b6 28.
b4 Bd6 29. Rc6 Ne5 30. Bxe5 Bxe5 31. Rbc1 Rcd8 32. Ke3 Bd6 33. b5 Kg7 34. Rf1 h5
35. Nc3 hxg4 36. hxg4 Be5 37. Ke4 Bf6 38. Nd1 Ra8 39. Ne3 a6 40. d6 axb5 41. Nd5
Ra4+ 42. Kd3 exd6 43. Rxd6 Rd4+ 44. Kc2 Rc8+ 45. Kb1 Be5 46. f6+ Kh6 47. Rd7 Ra4 0-1

[Event "Eurasian Blitz Chess Cup"]
[Site "Almaty KAZ"]
[Date "2016.06.18"]
[Round "10.21"]
[White "Utegaliyev, Azamat"]
[Black "Volokitin, Andrei"]
[Result "1-0"]
[BlackTitle "GM"]
[WhiteElo "2494"]
[BlackElo "2624"]
[WhiteFideId "13702467"]
[BlackFideId "14107090"]
[EventDate "2016.06.18"]

1. e4 c5 2. Nc3 e6 3. g3 Nc6 4. Bg2 g6 5. Nge2 Bg7 6. d3 Nge7 7. O-O O-O 8. Bg5
h6 9. Be3 Nd4 10. Qd2 Kh7 11. f4 d6 12. Rae1 Rb8 13. Nd1 b5 14. h4 f5 15. Nf2 b4
16. c3 bxc3 17. bxc3 Nxe2+ 18. Rxe2 fxe4 19. dxe4 Ba6 20. Rd1 Bxe2 21. Qxe2 Qc7
22. h5 Bxc3 23. hxg6+ Nxg6 24. Qh5 Bd4 25. Bxd4 cxd4 26. Rxd4 Rb2 27. Ng4 Qg7 1-0

[Event "Eurasian Blitz Chess Cup"]
[Site "Almaty KAZ"]
[Date "2016.06.18"]
[Round "10.22"]
[White "Harika, Dronavalli"]
[Black "Ismagambetov, Anuar"]
[Result "0-1"]
[WhiteTitle "GM"]
[BlackTitle "GM"]
[WhiteElo "2514"]
[BlackElo "2542"]
[WhiteFideId "5015197"]
[BlackFideId "13701525"]
[EventDate "2016.06.18"]

1. c4 Nf6 2. Nc3 e6 3. e4 c5 4. Nf3 Nc6 5. Be2 a6 6. O-O Qc7 7. b3 Bd6 8. h3 b6
9. d4 cxd4 10. Nxd4 Nxd4 11. Qxd4 Bb7 12. Bf3 O-O 13. Bb2 Be5 14. Qd3 Rad8 15.
Rad1 Bc6 16. Rfe1 Rfe8 17. Rd2 Qb7 18. a4 Bf4 19. Rde2 Be5 20. Rd1 h6 21. g3 Qb8
22. Bg2 Bc7 23. f4 d6 24. b4 Nd7 25. Kh2 a5 26. b5 Ba8 27. Qd4 e5 28. Qf2 Nc5
29. f5 f6 30. g4 Rd7 31. h4 Bd8 32. Ba3 Qc8 33. Bxc5 dxc5 34. Red2 Rd4 35. Ne2
Be7 36. Nxd4 exd4 37. e5 fxe5 38. Bxa8 Qxa8 39. Qg3 e4 40. g5 hxg5 41. hxg5 Qd8
42. Qg4 Bxg5 43. Rg2 Bf6 44. Rh1 d3 45. Qg6 e3 46. Kg1 e2 47. Qh7+ Kf8 48. Kh2
Qd6+ 49. Kh3 Re3+ 50. Kg4 Qd4+ 51. Kh5 Qxc4 52. Qh8+ Qg8 53. Kg6 e1=Q 54. Rxe1
Rxe1 55. Qh2 Qf7+ 56. Kh7 g6+ 57. Kh6 Qg7# 0-1

[Event "Eurasian Blitz Chess Cup"]
[Site "Almaty KAZ"]
[Date "2016.06.18"]
[Round "10.23"]
[White "Yilmaz, Mustafa"]
[Black "Zhukova, Natalia"]
[Result "1-0"]
[WhiteTitle "GM"]
[BlackTitle "GM"]
[WhiteElo "2613"]
[BlackElo "2475"]
[WhiteFideId "6302718"]
[BlackFideId "14101513"]
[EventDate "2016.06.18"]

1. c4 c5 2. Nf3 Nc6 3. d4 cxd4 4. Nxd4 e6 5. Nc3 Nf6 6. a3 d5 7. cxd5 Nxd5 8.
Nxc6 bxc6 9. Bd2 Be7 10. Qc2 O-O 11. g3 a5 12. Bg2 Ba6 13. O-O Bf6 14. Rfd1 Qe7
15. e3 Rab8 16. Rab1 Rfd8 17. Ne4 Be2 18. Re1 Bb5 19. Bxa5 Nb6 20. Bb4 Qa7 21.
Nxf6+ gxf6 22. Rbd1 Nd5 23. Bc5 Qa6 24. b3 Qb7 25. e4 Nb6 26. a4 Ba6 27. Qc3 Nd7
28. Be7 Re8 29. Rxd7 Qxd7 30. Bxf6 Qd3 31. Qc1 1-0

[Event "Eurasian Blitz Chess Cup"]
[Site "Almaty KAZ"]
[Date "2016.06.18"]
[Round "10.24"]
[White "Pak, Yevgeniy"]
[Black "Jumabayev, Rinat"]
[Result "1/2-1/2"]
[WhiteTitle "IM"]
[BlackTitle "GM"]
[WhiteElo "2401"]
[BlackElo "2613"]
[WhiteFideId "14201712"]
[BlackFideId "13702661"]
[EventDate "2016.06.18"]

1. Nf3 Nf6 2. d4 g6 3. g3 Bg7 4. Bg2 c5 5. O-O O-O 6. c4 cxd4 7. Nxd4 Nc6 8. Nc3
Qa5 9. e3 d6 10. h3 Bd7 11. Bd2 Qa6 12. b3 Rac8 13. Ndb5 Qb6 14. Rb1 a6 15. Na3
Qa7 16. Qe2 Qb8 17. Rfc1 Rfd8 18. b4 Be6 19. Nd5 Bxd5 20. cxd5 Na7 21. Nc4 Nd7
22. a4 Rc7 23. b5 axb5 24. axb5 Rc5 25. b6 Nc8 26. e4 Qa8 27. Be3 Qa4 28. Bxc5
Nxc5 29. Qc2 Qd7 30. Na5 Rf8 31. Nb3 Nxb3 32. Rxb3 Qa4 33. Rbb1 Qd4 34. Qc4 Nxb6
35. Qxd4 Bxd4 36. Rc7 Re8 37. Rxb7 Nc8 38. Rb8 Kf8 39. Bf1 Na7 40. Kg2 h5 41. h4
Bc5 42. Kf3 Bd4 43. Bh3 Rxb8 44. Rxb8+ Kg7 45. Rb7 Kf6 46. Ke2 Bc5 47. f4 e6 48.
dxe6 fxe6 49. Kd3 Nc6 50. Rc7 Nb4+ 51. Kc4 e5 52. Bf1 Nc2 53. Be2 Nd4 54. Bd1
exf4 55. gxf4 Ne6 56. e5+ dxe5 57. fxe5+ Kxe5 58. Rxc5+ Nxc5 59. Kxc5 g5 1/2-1/2

[Event "Eurasian Blitz Chess Cup"]
[Site "Almaty KAZ"]
[Date "2016.06.18"]
[Round "11.5"]
[White "Kasimdzhanov, Rustam"]
[Black "Jones, Gawain C B"]
[Result "1/2-1/2"]
[WhiteTitle "GM"]
[BlackTitle "GM"]
[WhiteElo "2703"]
[BlackElo "2650"]
[WhiteFideId "14200244"]
[BlackFideId "409561"]
[EventDate "2016.06.18"]

1. e4 c5 2. Nf3 d6 3. d4 cxd4 4. Nxd4 Nf6 5. Nc3 g6 6. Be3 Bg7 7. f3 Nc6 8. Qd2
O-O 9. O-O-O d5 10. Qe1 e5 11. Nxc6 bxc6 12. exd5 Nxd5 13. Bc4 Be6 14. Kb1 Rb8
15. Ne4 f5 16. Bxa7 Qc7 17. Bxb8 Rxb8 18. Bb3 fxe4 19. fxe4 Nf4 20. g3 Bxb3 21.
axb3 Ne6 22. Qc3 Nd4 23. Qc4+ Qf7 24. Qxf7+ Kxf7 25. b4 Ke6 26. Rhf1 h5 27. c3
Nb5 28. Kc2 Nd6 29. Rde1 Bh6 30. Rf3 Ra8 31. Kb3 Bd2 32. Re2 Bg5 33. Re1 Bd2 34.
Re2 Bg5 35. Rf1 Be7 36. Kc2 Bg5 37. Kd3 Bh6 38. Kc2 Bg5 39. Ree1 h4 40. Rg1 Rg8
41. gxh4 Bxh4 42. Re2 g5 43. Ra1 Rc8 44. Ra6 Rc7 45. b3 Nb5 46. Kd3 Rd7+ 47. Kc4
Rd1 48. Rxc6+ Nd6+ 49. Kc5 g4 50. b5 Kd7 51. c4 Be7 52. Kb6 Bd8+ 53. Ka7 Nc8+
54. Kb8 Nd6 55. Rg2 Ne8 56. Rxg4 Ra1 57. Rg7+ Nxg7 58. Ra6 Rb1 59. Ra7+ Ke6 60.
Rxg7 Rxb3 61. Kc8 Be7 62. Rg6+ Bf6 63. Kb7 Rc3 64. b6 Rxc4 65. Rg4 Bd8 66. Rg6+
Kd7 67. Rg7+ Be7 68. Rg4 Rb4 69. h4 Bc5 70. Rg7+ Ke8 71. Rg6 Rxe4 72. h5 Rh4 73.
Re6+ Kd7 74. Rxe5 Bxb6 75. Kxb6 Kd6 1/2-1/2

[Event "Eurasian Blitz Chess Cup"]
[Site "Almaty KAZ"]
[Date "2016.06.18"]
[Round "11.7"]
[White "Shoker, Samy"]
[Black "Kovalenko, Igor"]
[Result "1-0"]
[WhiteTitle "GM"]
[BlackTitle "GM"]
[WhiteElo "2489"]
[BlackElo "2668"]
[WhiteFideId "627143"]
[BlackFideId "14117908"]
[EventDate "2016.06.18"]

1. Nf3 Nf6 2. g3 c5 3. Bg2 g6 4. O-O Bg7 5. c3 O-O 6. d3 d5 7. a3 Nc6 8. b4 Nd7
9. b5 Na5 10. a4 b6 11. Bb2 Bb7 12. Qc2 Qc7 13. Nbd2 c4 14. d4 f5 15. Ng5 Rf6
16. Ba3 h6 17. Nh3 Re8 18. f4 Re6 19. Nf3 Nf6 20. Nf2 Ne4 21. Ne5 Nb3 22. Rad1
Rf8 23. Nxe4 dxe4 24. d5 Ref6 25. Nc6 R8f7 26. Nxe7+ Rxe7 27. d6 Rxd6 28. Bxd6
Qd7 29. Bxe7 Qxe7 30. e3 Nc5 31. Qa2 Qf7 32. Rd8+ Kh7 33. a5 Qc7 34. Rd4 Bxd4
35. exd4 Nd3 36. axb6 axb6 37. Qa7 h5 38. h4 Kh6 39. Kh2 Qe7 40. Qxb6 Bd5 41.
Ra1 Nf2 42. Ra7 Qf8 43. Qc7 Bg8 44. Qe7 Qxe7 45. Rxe7 Nd1 46. b6 Bd5 47. b7 Bxb7
48. Rxb7 Nxc3 49. Rc7 e3 50. Bf3 e2 51. Bxe2 Nxe2 52. Rxc4 Kg7 53. Kg2 1-0

[Event "Eurasian Blitz Chess Cup"]
[Site "Almaty KAZ"]
[Date "2016.06.18"]
[Round "11.9"]
[White "Anton Guijarro, David"]
[Black "Le, Quang Liem"]
[Result "1-0"]
[WhiteTitle "GM"]
[BlackTitle "GM"]
[WhiteElo "2627"]
[BlackElo "2718"]
[WhiteFideId "2285525"]
[BlackFideId "12401137"]
[EventDate "2016.06.18"]

1. e4 c6 2. d4 d5 3. e5 Bf5 4. h4 h5 5. Bd3 Bxd3 6. Qxd3 e6 7. Bg5 Qb6 8. Nd2
Qa6 9. c4 Nd7 10. Ngf3 Ne7 11. O-O Nf5 12. Qc3 Nb6 13. b3 Qa3 14. Qc2 Be7 15.
Nb1 Qa6 16. Bxe7 Nxe7 17. Nbd2 Nd7 18. Rfe1 Rc8 19. b4 b6 20. a4 O-O 21. Ra3 Nf5
22. Rc3 Rfd8 23. Rc1 Nf8 24. cxd5 Rxd5 25. b5 Qa5 26. Rc4 cxb5 27. Rxc8 bxa4 28.
Nc4 Qb5 29. Nd6 Nxd6 30. exd6 Rxd6 31. Qc7 Qd7 32. Qb8 Qe7 33. R1c7 Qf6 34.
Rxf8+ Kh7 35. Rh8+ Kg6 36. Qg8 Qf4 37. Qh7+ Kf6 38. Qxh5 g6 39. Qe5+ 1-0

[Event "Eurasian Blitz Chess Cup"]
[Site "Almaty KAZ"]
[Date "2016.06.18"]
[Round "11.10"]
[White "Onischuk, Vladimir"]
[Black "Gunina, Valentina"]
[Result "1-0"]
[WhiteTitle "GM"]
[BlackTitle "GM"]
[WhiteElo "2613"]
[BlackElo "2518"]
[WhiteFideId "14114038"]
[BlackFideId "4167570"]
[EventDate "2016.06.18"]

1. e4 c6 2. d4 d5 3. e5 Bf5 4. h4 h5 5. Bd3 Bxd3 6. Qxd3 e6 7. Bg5 Qb6 8. Nd2
Be7 9. Ngf3 Bxg5 10. Nxg5 Nh6 11. c4 Nf5 12. Ngf3 dxc4 13. Nxc4 Qb4+ 14. Qc3 Na6
15. O-O Qxc3 16. bxc3 b6 17. Ne3 g6 18. a4 Nc7 19. c4 Ke7 20. Rfd1 Rhd8 21.
Nxf5+ gxf5 22. Kf1 Rg8 23. Ng5 Rad8 24. Ke2 f6 25. exf6+ Kxf6 26. g3 Ne8 27.
Rac1 Nd6 28. c5 bxc5 29. Rxc5 Rc8 30. Rdc1 Rb8 31. Rxc6 Rgd8 32. Ra6 Rb2+ 33.
Kf1 Rd7 34. Rcc6 Ke7 35. Nf3 Ne4 36. Rxe6+ Kd8 37. Ne5 Rxf2+ 38. Ke1 Rg7 39.
Nc6+ Kc8 40. Rxe4 Rc2 41. Rxa7 fxe4 42. Rxg7 Rxc6 43. Kd2 Ra6 44. Ke3 Rxa4 45.
Kxe4 Kd8 46. Rh7 Ra3 47. Kf4 Rd3 48. Rxh5 Rxd4+ 49. Kf3 Ke7 50. Rf5 Rd3+ 51. Kg4
Rd4+ 52. Kg5 Rd8 53. g4 Rg8+ 54. Kf4 Ke6 55. h5 Rh8 56. Ra5 Rf8+ 57. Kg5 Rg8+
58. Kh4 Kf6 59. Ra6+ Kf7 60. h6 Rc8 61. Kh5 Kg8 62. g5 Kh8 63. Ra5 Rg8 64. g6
Rc8 65. h7 1-0

[Event "Eurasian Blitz Chess Cup"]
[Site "Almaty KAZ"]
[Date "2016.06.18"]
[Round "11.11"]
[White "Artemiev, Vladislav"]
[Black "Ismagambetov, Anuar"]
[Result "1-0"]
[WhiteTitle "GM"]
[BlackTitle "GM"]
[WhiteElo "2653"]
[BlackElo "2542"]
[WhiteFideId "24101605"]
[BlackFideId "13701525"]
[EventDate "2016.06.18"]

1. Nf3 Nf6 2. c4 e6 3. g3 b6 4. Bg2 Bb7 5. d4 Be7 6. O-O O-O 7. b3 a5 8. Nc3 Ne4
9. Bb2 f5 10. d5 Bf6 11. Rc1 Na6 12. Nd4 Nac5 13. e3 Nxc3 14. Bxc3 Qe7 15. Qc2
g6 16. Nb5 Bxc3 17. Qxc3 d6 18. dxe6 Bxg2 19. Kxg2 Nxe6 20. Rcd1 Rae8 21. Qd2
Nc5 22. Nc3 h6 23. Nd5 Qf7 24. Qb2 Kh7 25. a3 Re6 26. b4 axb4 27. axb4 Ne4 28.
Ra1 Nf6 29. Ra7 Nxd5 30. cxd5 Re7 31. Rd1 Rd8 32. Ra3 Rdd7 33. Qd4 Re5 34. Ra8
Qg7 35. b5 Ree7 36. Qc4 Qf7 37. Rc8 Re5 38. Rc1 Ree7 39. h4 h5 40. Ra1 Re5 41.
Rd1 Ree7 42. Qd4 Qg7 43. Qc4 Qf7 44. Kg1 Re5 45. Qd4 Qg7 46. Rc1 Ree7 47. Qa4
Qf7 48. Qa8 Qg7 49. Qc6 Qf7 50. Ra1 Qg7 51. Raa8 Rf7 52. Qb7 Qf6 53. Qb8 Kh6 54.
Rh8+ Rh7 55. Rxh7+ Rxh7 56. Qg8 Qf7 57. Qxf7 Rxf7 58. Kf1 Re7 59. Rc8 g5 60.
Rh8+ Kg6 61. Rg8+ Kf7 62. Rxg5 Kf6 63. Rxh5 Re5 64. Rh7 Rxd5 65. Rxc7 Rxb5 66.
Kg2 Rb1 67. Kf3 b5 68. h5 Rh1 69. Rd7 Ke6 70. Rh7 b4 71. Rb7 Rxh5 72. Rxb4 Rh2
73. e4 fxe4+ 74. Rxe4+ Kf6 75. g4 d5 76. Re8 Rh1 77. Kf4 Ra1 78. g5+ Kg6 79.
Re6+ Kf7 80. Rd6 Rd1 81. Kf5 Ke7 82. Re6+ Kf7 83. f4 d4 84. g6+ Kg7 85. Re7+ Kf8
86. Kf6 1-0

[Event "Eurasian Blitz Chess Cup"]
[Site "Almaty KAZ"]
[Date "2016.06.18"]
[Round "11.12"]
[White "Saric, Ivan"]
[Black "Aleksandrov, Aleksej"]
[Result "1/2-1/2"]
[WhiteTitle "GM"]
[BlackTitle "GM"]
[WhiteElo "2660"]
[BlackElo "2577"]
[WhiteFideId "14508150"]
[BlackFideId "13500139"]
[EventDate "2016.06.18"]

1. e4 e5 2. Nf3 Nc6 3. Bb5 Nf6 4. d3 d6 5. O-O Be7 6. Re1 O-O 7. c3 Bd7 8. h3
Re8 9. Nbd2 Bf8 10. Nf1 Ne7 11. Bxd7 Nxd7 12. d4 c6 13. Ng3 Qc7 14. Be3 a5 15.
a4 Rad8 16. Qc2 g6 17. Rad1 Bg7 18. c4 exd4 19. Bxd4 Ne5 20. Bxe5 dxe5 21. c5
Nc8 22. Nf1 b6 23. N1d2 bxc5 24. Qxc5 Nb6 25. b3 Nd7 26. Qc3 Bf8 27. Qc2 Bb4 28.
Rf1 Nc5 29. Nc4 f6 30. Nb2 Qf7 31. Nc4 Qc7 32. Nb2 Qf7 33. Nc4 Qc7 1/2-1/2

[Event "Eurasian Blitz Chess Cup"]
[Site "Almaty KAZ"]
[Date "2016.06.18"]
[Round "11.13"]
[White "Jobava, Baadur"]
[Black "Vakhidov, Jahongir"]
[Result "1-0"]
[WhiteTitle "GM"]
[BlackTitle "GM"]
[WhiteElo "2669"]
[BlackElo "2578"]
[WhiteFideId "13601520"]
[BlackFideId "14201801"]
[EventDate "2016.06.18"]

1. d4 Nf6 2. Nc3 e6 3. Bf4 Bb4 4. e3 Nd5 5. Ne2 Nxf4 6. exf4 O-O 7. a3 Be7 8. d5
Bf6 9. g4 exd5 10. Qxd5 c6 11. Qd6 Qb6 12. O-O-O Qxf2 13. Kb1 Re8 14. Ng3 Be7
15. Qe5 d5 16. Bd3 Nd7 17. Qh5 Nf6 18. Qh4 Ne4 19. g5 Nxc3+ 20. bxc3 g6 21. Rhe1
Be6 22. f5 Bxf5 23. Nxf5 Qxh4 24. Nxh4 Bxg5 25. Nf3 Bf6 26. c4 d4 27. c5 Re3 28.
Nd2 Bh4 29. Rf1 Rd8 30. Nc4 Rh3 31. Nd6 f5 32. Rd2 Be7 33. Nxb7 Rb8 34. Ba6 Rxa3
35. Rxd4 Rxa6 36. Rd7 Bxc5 37. Rf3 Rb6+ 38. Rb3 Bb4 39. Nd8 Be7 40. Nxc6 Rxb3+
41. cxb3 Rxb3+ 42. Kc2 Rh3 43. Nxe7+ Kf7 44. Nc6+ Ke6 45. Rxa7 f4 46. Ra5 Rxh2+
47. Kd3 h6 48. Ke4 g5 49. Nd4+ Kf7 50. Kf5 Rd2 51. Ra7+ Ke8 52. Ne6 f3 53. Ke5 1-0

[Event "Eurasian Blitz Chess Cup"]
[Site "Almaty KAZ"]
[Date "2016.06.18"]
[Round "11.14"]
[White "Marin, Mihail"]
[Black "Hou, Yifan"]
[Result "0-1"]
[WhiteTitle "GM"]
[BlackTitle "GM"]
[WhiteElo "2576"]
[BlackElo "2663"]
[WhiteFideId "1200020"]
[BlackFideId "8602980"]
[EventDate "2016.06.18"]

1. Nf3 Nf6 2. g3 d5 3. Bg2 e6 4. O-O Be7 5. c4 d4 6. d3 c5 7. e3 Nc6 8. Na3 e5
9. Re1 O-O 10. exd4 exd4 11. Bf4 Bf5 12. Ne5 Nxe5 13. Bxe5 Qd7 14. Qb3 Rad8 15.
Nb5 b6 16. Nc7 h5 17. a4 Ng4 18. Bf4 Bd6 19. Bxd6 Qxd6 20. Nd5 Be6 21. a5 Bxd5
22. Bxd5 Qf6 23. Qc2 h4 24. Qe2 Qg6 25. axb6 axb6 26. Ra7 Nf6 27. Bg2 Rfe8 28.
Re7 Rxe7 29. Qxe7 Re8 30. Qxe8+ Nxe8 31. Rxe8+ Kh7 32. Re4 hxg3 33. hxg3 Qg5 34.
Re2 Qc1+ 35. Bf1 g5 36. Re7 Kg6 37. Re2 f6 38. Kg2 Qd1 39. Re6 Qb3 40. Be2 0-1

[Event "Eurasian Blitz Chess Cup"]
[Site "Almaty KAZ"]
[Date "2016.06.18"]
[Round "11.15"]
[White "Kotsur, Pavel"]
[Black "Khusnutdinov, Rustam"]
[Result "1/2-1/2"]
[WhiteTitle "GM"]
[BlackTitle "GM"]
[WhiteElo "2552"]
[BlackElo "2476"]
[WhiteFideId "13700278"]
[BlackFideId "13701703"]
[EventDate "2016.06.18"]

1. e4 c5 2. Nf3 e6 3. d4 cxd4 4. Nxd4 Nc6 5. Nc3 Qc7 6. Be2 a6 7. O-O Nf6 8. Kh1
Bb4 9. Qd3 O-O 10. Bg5 Bxc3 11. bxc3 Ne5 12. Qe3 Nfg4 13. Qg3 f6 14. Bf4 h5 15.
h3 h4 16. Qxh4 Qxc3 17. Rad1 Ng6 18. Qxg4 Nxf4 19. Qxf4 e5 20. Qe3 exd4 21. Rxd4
Qxe3 22. fxe3 Re8 23. Bc4+ Kf8 24. Bd5 Rb8 25. a4 a5 26. Rb1 b6 27. Kg1 d6 28.
Bc6 Rd8 29. Kf2 Ke7 30. Ke1 Be6 31. Kd2 Rdc8 32. Bd5 Bd7 33. Bb3 Rc5 34. Rd1 Bc6
35. Ke2 Rd8 36. R1d2 Bb7 37. Kf2 Bc6 38. Ke2 Bb7 39. Kf2 1/2-1/2